[Event "Asuncion Club Centenario op"]
[Site "Asuncion"]
[Date "2011.09.29"]
[Round "1.7"]
[White "Saldana, Fernando Javier"]
[Black "Samir, Venica"]
[Result "1-0"]
[WhiteElo "1725"]
[BlackElo "1407"]
[PlyCount "89"]
[EventDate "2011.09.29"]
[EventType "swiss"]
[EventRounds "7"]
[EventCountry "PAR"]
[SourceTitle "EXT 2023"]
[Source "ChessBase"]
[SourceDate "2022.10.05"]
[SourceVersion "1"]
[SourceVersionDate "2022.10.05"]
[SourceQuality "1"]

1. e4 c5 2. c3 Nc6 3. d4 cxd4 4. cxd4 e6 5. Nf3 a6 6. a3 Nf6 7. Bd3 Be7 8. 0-0 0-0 9. Bg5 h6 10. Bh4 b5 11. Nc3 Qb6 12. e5 Nd5 13. Nxd5 exd5 14. Bxe7 Nxe7 15. b4 d6 16. exd6 Qxd6 17. Ne5 Nc6 18. Nxc6 Qxc6 19. Rc1 Qf6 20. Rc5 Be6 21. Qd2 Rfd8 22. Rc6 Kf8 23. Bb1 Rdc8 24. Rfc1 Rxc6 25. Rxc6 Rc8 26. Rc5 Rxc5 27. bxc5 Bd7 28. Ba2 Qf5 29. g3 Qf3 30. Qe3 Qd1+ 31. Kg2 Qh5 32. f3 Qf5 33. Qd2 Qh5 34. Bb1 g5 35. Qe3 f5 36. Qe5 g4 37. f4 b4 38. Qd6+ Ke8 39. c6 Bc8 40. axb4 Qf7 41. Ba2 Qg7 42. Qxd5 Ke7 43. c7 Bd7 44. Qc5+ Ke8 45. c8Q+ 1-0

[Event "Asuncion Preclasificatorio Mayor"]
[Site "Asuncion"]
[Date "2011.07.16"]
[Round "4"]
[White "Riva, Eric"]
[Black "Saldana, Fernando Javier"]
[Result "1/2-1/2"]
[WhiteElo "1704"]
[BlackElo "1746"]
[PlyCount "25"]
[EventDate "2011.07.02"]
[EventType "swiss"]
[EventRounds "7"]
[EventCountry "PAR"]
[SourceTitle "EXT 2023"]
[Source "ChessBase"]
[SourceDate "2022.10.05"]
[SourceVersion "1"]
[SourceVersionDate "2022.10.05"]
[SourceQuality "1"]

1. Nf3 Nf6 2. c4 c5 3. Nc3 Nc6 4. g3 g6 5. Bg2 Bg7 6. 0-0 0-0 7. d3 d6 8. Rb1 Rb8 9. a3 a5 10. h3 h6 11. Nd2 Bd7 12. Nde4 Nxe4 13. Nxe4 1/2-1/2

[Event "Asuncion zt 2.5"]
[Site "Asuncion"]
[Date "2011.05.24"]
[Round "9"]
[White "Avalos Parra, Joao"]
[Black "Saldana, Fernando Javier"]
[Result "1-0"]
[WhiteElo "2251"]
[BlackElo "1742"]
[PlyCount "91"]
[EventDate "2011.05.16"]
[EventType "swiss"]
[EventRounds "9"]
[EventCountry "PAR"]
[SourceTitle "CBM 142 Extra"]
[Source "ChessBase"]
[SourceDate "2011.06.27"]
[SourceVersion "1"]
[SourceVersionDate "2011.06.27"]
[SourceQuality "1"]

1. d4 Nf6 2. c4 e6 3. Nc3 d5 4. cxd5 exd5 5. Bg5 Be7 6. e3 c6 7. Bd3 Nbd7 8. Qc2 b6 9. Nge2 Bb7 10. 0-0 0-0 11. f3 h6 12. Bf4 Nh5 13. Be5 a6 14. g4 Nhf6 15. Bg3 c5 16. Rfe1 Re8 17. Nf4 Nf8 18. h4 N6h7 19. Qh2 cxd4 20. exd4 Bf6 21. Nce2 Ne6 22. Nxe6 Rxe6 23. Bf5 Rc6 24. g5 Be7 25. f4 Bb4 26. Red1 Bc8 27. Bd3 Bg4 28. a3 Bf8 29. Re1 Qd7 30. Nc3 Bxa3 31. Re5 Bb4 32. Rxd5 Qc8 33. Be1 Be6 34. Re5 Bc4 35. Bxc4 Rxc4 36. Nd5 Qg4+ 37. Qg2 Qxg2+ 38. Kxg2 Rc2+ 39. Kf3 Bxe1 40. Raxe1 Rxb2 41. Re8+ Rxe8 42. Rxe8+ Nf8 43. Ne7+ Kh7 44. Rxf8 Rb3+ 45. Ke4 Rb1 46. Rxf7 1-0

[Event "Asuncion zt 2.5"]
[Site "Asuncion"]
[Date "2011.05.20"]
[Round "5"]
[White "Saldana, Fernando Javier"]
[Black "Roman, Rodrigo"]
[Result "0-1"]
[WhiteElo "1742"]
[BlackElo "1986"]
[PlyCount "88"]
[EventDate "2011.05.16"]
[EventType "swiss"]
[EventRounds "9"]
[EventCountry "PAR"]
[SourceTitle "CBM 142 Extra"]
[Source "ChessBase"]
[SourceDate "2011.06.27"]
[SourceVersion "1"]
[SourceVersionDate "2011.06.27"]
[SourceQuality "1"]

1. e4 c5 2. c3 e6 3. d4 Nf6 4. e5 Nd5 5. Nf3 cxd4 6. cxd4 Nc6 7. Be2 d6 8. 0-0 a6 9. a3 Be7 10. b4 0-0 11. Bb2 dxe5 12. dxe5 Nf4 13. Bc4 b5 14. Bb3 Bb7 15. Qd2 Qxd2 16. Nbxd2 Rfd8 17. Rad1 Rac8 18. Nb1 g5 19. Rxd8+ Rxd8 20. Rd1 Nd3 21. Bc3 g4 22. Ne1 Ndxe5 23. Rxd8+ Bxd8 24. Nd2 Bb6 25. Kf1 Kf8 26. f4 Ng6 27. g3 Nd4 28. Bd1 h5 29. a4 Ne7 30. Nb3 Nxb3 31. Bxb3 Bd5 32. Bd1 Bc4+ 33. Kg2 Nd5 34. Bd2 Be3 35. Nc2 Bxd2 36. axb5 axb5 37. h3 Nc3 38. Bxg4 hxg4 39. hxg4 Nd5 40. Kh3 Nxb4 41. Nd4 Nd5 42. g5 b4 43. g6 Bc3 44. Nc2 fxg6 0-1

[Event "Asuncion zt 2.5"]
[Site "Asuncion"]
[Date "2011.05.19"]
[Round "4"]
[White "Saldana, Fernando Javier"]
[Black "Richter Becerra, Hans"]
[Result "0-1"]
[WhiteElo "1742"]
[BlackElo "2148"]
[PlyCount "68"]
[EventDate "2011.05.16"]
[EventType "swiss"]
[EventRounds "9"]
[EventCountry "PAR"]
[SourceTitle "CBM 142 Extra"]
[Source "ChessBase"]
[SourceDate "2011.06.27"]
[SourceVersion "1"]
[SourceVersionDate "2011.06.27"]
[SourceQuality "1"]

1. d4 Nf6 2. Nf3 e6 3. c4 d5 4. cxd5 exd5 5. g3 Bd6 6. Bg2 0-0 7. 0-0 Re8 8. Bg5 c6 9. e3 h6 10. Bxf6 Qxf6 11. Nbd2 Bf5 12. a3 a5 13. Nb3 Nd7 14. Qd2 a4 15. Nc1 Nb6 16. Qc3 Nc4 17. Nd2 b5 18. Na2 Bc7 19. Nb4 Ba5 20. Rfe1 Qg6 21. Nf3 Be4 22. Nh4 Qd6 23. Bxe4 Rxe4 24. Ng2 Rae8 25. Red1 h5 26. h4 Qd7 27. b3 axb3 28. Qxb3 Bc7 29. Nd3 Qh3 30. Ndf4 Bxf4 31. Nxf4 Rxf4 32. exf4 Ne3 33. Qxe3 Rxe3 34. fxe3 Qxg3+ 0-1

[Event "Asuncion zt 2.5"]
[Site "Asuncion"]
[Date "2011.05.16"]
[Round "1"]
[White "Saldana, Fernando Javier"]
[Black "Sabas, Jorge"]
[Result "0-1"]
[WhiteElo "1742"]
[BlackElo "2267"]
[PlyCount "86"]
[EventDate "2011.05.16"]
[EventType "swiss"]
[EventRounds "9"]
[EventCountry "PAR"]
[SourceTitle "CBM 142 Extra"]
[Source "ChessBase"]
[SourceDate "2011.06.27"]
[SourceVersion "1"]
[SourceVersionDate "2011.06.27"]
[SourceQuality "1"]

1. Nf3 d5 2. d4 Nf6 3. c4 c6 4. cxd5 cxd5 5. g3 Nc6 6. Bg2 e6 7. 0-0 Be7 8. Nc3 0-0 9. Bg5 h6 10. Bxf6 Bxf6 11. e3 Rb8 12. a3 b5 13. b4 a5 14. Qb3 Be7 15. Na2 Qd6 16. Rab1 Bd7 17. Rfc1 axb4 18. axb4 Ra8 19. Bf1 Qb8 20. Ne1 Qa7 21. Rb2 Rfb8 22. Nd3 Nd8 23. Nc5 Be8 24. Rcb1 Nb7 25. Nc1 Nd6 26. Ra2 Qb6 27. Rba1 Qd8 28. Rxa8 Rxa8 29. Rxa8 Qxa8 30. Qa2 Qb8 31. Qa6 h5 32. h4 g5 33. hxg5 Bxg5 34. N1d3 Nc4 35. Nf4 h4 36. Ne2 hxg3 37. Nxg3 Bxe3 38. Ne2 Bd2 39. Nd3 Qd6 40. Qc8 Kf8 41. Qc5 Qxc5 42. bxc5 b4 43. Nec1 Ba4 0-1

[Event "Asuncion YM"]
[Site "Asuncion"]
[Date "2011.03.17"]
[Round "6"]
[White "Saldana, Fernando Javier"]
[Black "Florentin, Damaso"]
[Result "1-0"]
[WhiteElo "1737"]
[BlackElo "1755"]
[PlyCount "87"]
[EventDate "2011.03.10"]
[EventType "swiss"]
[EventRounds "7"]
[EventCountry "PAR"]
[SourceTitle "CBM 141 Extra"]
[Source "ChessBase"]
[SourceDate "2011.05.03"]
[SourceVersion "1"]
[SourceVersionDate "2011.05.03"]
[SourceQuality "1"]

1. e4 d6 2. d4 c6 3. Bd3 e5 4. c3 Nf6 5. Bg5 Be7 6. Ne2 Bg4 7. 0-0 Nbd7 8. h3 Bh5 9. Qc2 Bg6 10. Kh1 Nh5 11. Be3 Bg5 12. Qd2 h6 13. g4 Nhf6 14. Ng3 Bh4 15. Nf5 Bxf5 16. gxf5 Qe7 17. Rg1 exd4 18. cxd4 Nxe4 19. Qc2 Ng5 20. Rg4 Nxh3 21. Re4 Ne5 22. dxe5 dxe5 23. Kg2 Qf6 24. Kxh3 Bg5 25. Rb4 b6 26. Be4 Rc8 27. Rc4 c5 28. Nc3 Bf4 29. Qa4+ Kf8 30. Bxf4 exf4 31. Rd1 Qg5 32. Qd7 Re8 33. Bf3 g6 34. Qd6+ Kg8 35. Qxf4 gxf5 36. Kh2 b5 37. Nxb5 Re4 38. Rxe4 fxe4 39. Qxe4 Kf8 40. Rd5 Qf6 41. Nc3 Kg7 42. Rf5 Qb6 43. b3 c4 44. Qg4+ 1-0

[Event "Asuncion YM"]
[Site "Asuncion"]
[Date "2011.03.10"]
[Round "1"]
[White "Almiron, Antonio"]
[Black "Saldana, Fernando Javier"]
[Result "1-0"]
[WhiteElo "2128"]
[BlackElo "1737"]
[PlyCount "79"]
[EventDate "2011.03.10"]
[EventType "swiss"]
[EventRounds "7"]
[EventCountry "PAR"]
[SourceTitle "CBM 141 Extra"]
[Source "ChessBase"]
[SourceDate "2011.05.03"]
[SourceVersion "1"]
[SourceVersionDate "2011.05.03"]
[SourceQuality "1"]

1. e4 c5 2. Nf3 d6 3. d4 cxd4 4. Nxd4 Nf6 5. Nc3 a6 6. Bg5 e5 7. Nb3 Be6 8. f4 exf4 9. Nd4 Nbd7 10. Qd2 Qc7 11. 0-0-0 Be7 12. Bxf4 Ne5 13. Nd5 Bxd5 14. exd5 Nfd7 15. Nf5 Bf6 16. Bg5 Rg8 17. Bxf6 Nxf6 18. Qb4 Rd8 19. Qh4 Rc8 20. Rd2 Kf8 21. Qb4 Rd8 22. Be2 Qd7 23. Rf1 a5 24. Qxa5 Ne4 25. Rd4 Nf6 26. Bb5 Qc8 27. Qb6 Qb8 28. Kb1 g6 29. Nh6 Kg7 30. Nxg8 Nxg8 31. Ra4 Nd7 32. Bxd7 Rxd7 33. Qd4+ f6 34. g4 g5 35. h4 h6 36. hxg5 hxg5 37. Ra3 Re7 38. Re3 Qe8 39. Rfe1 Rxe3 40. Rxe3 1-0

[Event "Asuncion La Pergola Jardin op"]
[Site "Asuncion"]
[Date "2011.01.17"]
[Round "1"]
[White "Chang, Suzana"]
[Black "Saldana, Fernando Javier"]
[Result "1-0"]
[WhiteElo "2028"]
[BlackElo "1759"]
[PlyCount "79"]
[EventDate "2011.01.17"]
[EventType "swiss"]
[EventRounds "7"]
[EventCountry "PAR"]
[SourceTitle "EXT 2012"]
[Source "ChessBase"]
[SourceDate "2011.11.24"]
[SourceVersion "1"]
[SourceVersionDate "2011.11.24"]
[SourceQuality "1"]

1. c4 Nf6 2. d4 g6 3. Nc3 d5 4. Nf3 Bg7 5. e3 c6 6. b4 Bg4 7. Qb3 Bxf3 8. gxf3 e6 9. Bg2 Nbd7 10. f4 Nb6 11. c5 Nbd7 12. b5 0-0 13. Ba3 Nh5 14. Rb1 Ndf6 15. Bf3 Qd7 16. 0-0 Rfd8 17. Rb2 Bf8 18. Rfb1 Ng7 19. bxc6 bxc6 20. Qa4 Rdc8 21. Be2 Nf5 22. Rb7 Rc7 23. Rxc7 Qxc7 24. Qa6 Ne4 25. Nxe4 dxe4 26. Rb7 Qc8 27. Rxa7 Qxa6 28. Rxa6 Rc8 29. Bb4 Ne7 30. Bc4 Bg7 31. Ba5 Bf6 32. a4 Kf8 33. Bb6 Ke8 34. Ra7 Nd5 35. Bxd5 exd5 36. Kg2 h6 37. a5 Be7 38. a6 f5 39. Rb7 Bd8 40. a7 1-0

[Event "PAR-ch"]
[Site "Asuncion"]
[Date "2010.07.04"]
[Round "8"]
[White "Toledo, Orlando"]
[Black "Saldana, Fernando Javier"]
[Result "1-0"]
[WhiteElo "1784"]
[BlackElo "1833"]
[PlyCount "71"]
[EventDate "2010.06.12"]
[EventType "swiss"]
[EventRounds "9"]
[EventCountry "PAR"]
[SourceTitle "CBM 137 Extra"]
[Source "ChessBase"]
[SourceDate "2010.09.01"]
[SourceVersion "1"]
[SourceVersionDate "2010.09.01"]
[SourceQuality "1"]

1. d4 Nf6 2. Nc3 d5 3. Bg5 Bf5 4. e3 Nbd7 5. Nf3 e6 6. Bd3 Bg6 7. Ne5 Bxd3 8. Qxd3 Be7 9. Ne2 Ne4 10. Bxe7 Qxe7 11. Nxd7 Qxd7 12. Ng3 Nd6 13. a4 0-0 14. 0-0 f5 15. f4 Rf6 16. b3 Rh6 17. c4 c6 18. c5 Ne8 19. Rf3 Qe7 20. Nf1 Nf6 21. b4 Rf8 22. b5 Ne4 23. bxc6 bxc6 24. Rb1 Rhf6 25. Qa6 R6f7 26. Qxc6 Nc3 27. Rb3 Ne4 28. a5 Qh4 29. Qxe6 Qe1 30. Rb7 Nd2 31. Rxa7 Nxf3+ 32. gxf3 h5 33. c6 Qc1 34. Rd7 h4 35. c7 h3 36. Rxf7 1-0

[Event "Asuncion Roggio Cup-C 3rd"]
[Site "Asuncion"]
[Date "2010.05.28"]
[Round "8"]
[White "Lipiniks, Leonardo"]
[Black "Saldana, Fernando Javier"]
[Result "1-0"]
[WhiteElo "1870"]
[BlackElo "1833"]
[PlyCount "59"]
[EventDate "2010.05.20"]
[EventType "swiss"]
[EventRounds "9"]
[EventCountry "PAR"]
[SourceTitle "CBM 136 Extra"]
[Source "ChessBase"]
[SourceDate "2010.07.02"]
[SourceVersion "2"]
[SourceVersionDate "2010.07.15"]
[SourceQuality "1"]

1. e4 c5 2. d4 cxd4 3. Nf3 Nc6 4. Nxd4 a6 5. Nc3 e6 6. Be2 Nge7 7. Nb3 Ng6 8. Be3 Be7 9. 0-0 0-0 10. f4 d6 11. a3 b5 12. Bd3 Bb7 13. Qh5 Re8 14. Rad1 Qc7 15. Rf3 Nf8 16. Rh3 g6 17. Qe2 Bf6 18. Qf2 Bg7 19. Bb6 Qe7 20. Na5 Nxa5 21. Bxa5 Nd7 22. Bb4 a5 23. Bxd6 Qxd6 24. Bxb5 Qb8 25. Bxd7 Rd8 26. e5 Ba6 27. Bc6 Qxb2 28. Bxa8 Rxa8 29. Ne4 h6 30. Rb3 1-0

[Event "Asuncion Preclasificatorio Mayor"]
[Site "Asuncion"]
[Date "2010.04.28"]
[Round "7"]
[White "Saldana, Fernando Javier"]
[Black "Ibanez, Juan"]
[Result "0-1"]
[WhiteElo "1833"]
[BlackElo "1993"]
[PlyCount "118"]
[EventDate "2010.04.05"]
[EventType "swiss"]
[EventRounds "9"]
[EventCountry "PAR"]
[SourceTitle "EXT 2023"]
[Source "ChessBase"]
[SourceDate "2022.10.05"]
[SourceVersion "1"]
[SourceVersionDate "2022.10.05"]
[SourceQuality "1"]

1. Nf3 c5 2. c4 Nf6 3. g3 b6 4. b3 g6 5. Bb2 Bg7 6. Bg2 Bb7 7. 0-0 0-0 8. d4 cxd4 9. Nxd4 Bxg2 10. Kxg2 Qc7 11. Nc3 Nc6 12. e3 Qe5 13. Nf3 Qh5 14. Nd4 Qe5 15. Nf3 Qh5 16. Nd4 Nxd4 17. Qxh5 Nxh5 18. exd4 Bxd4 19. Rad1 Bxc3 20. Bxc3 d6 21. Rfe1 Rfe8 22. Re2 Ng7 23. Rde1 Ne6 24. Rd2 Rac8 25. Bb4 a5 26. Ba3 a4 27. Bb4 axb3 28. axb3 Nc5 29. Re3 Ra8 30. Rde2 Kf8 31. f4 Ra1 32. Rb2 Rea8 33. h4 R8a2 34. Rxa2 Rxa2+ 35. Kf3 Rb2 36. Bxc5 bxc5 37. Kg4 f6 38. Kf3 Kf7 39. Ke4 e6 40. Rd3 Ke7 41. Kf3 h5 42. Ke3 Kd7 43. Ke4 Kc6 44. Kf3 d5 45. cxd5+ exd5 46. g4 hxg4+ 47. Kxg4 f5+ 48. Kg5 Rg2+ 49. Kf6 c4 50. bxc4 dxc4 51. Re3 Kd5 52. h5 gxh5 53. Kxf5 Kd4 54. Re8 c3 55. Rd8+ Ke3 56. Re8+ Kd2 57. Rd8+ Ke1 58. Re8+ Kd1 59. Rh8 c2 0-1

[Event "Asuncion Preclasificatorio Mayor"]
[Site "Asuncion"]
[Date "2010.04.23"]
[Round "5"]
[White "Saldana, Fernando Javier"]
[Black "Riva, Eric"]
[Result "1-0"]
[WhiteElo "1833"]
[BlackElo "1639"]
[PlyCount "127"]
[EventDate "2010.04.05"]
[EventType "swiss"]
[EventRounds "9"]
[EventCountry "PAR"]
[SourceTitle "EXT 2023"]
[Source "ChessBase"]
[SourceDate "2022.10.05"]
[SourceVersion "1"]
[SourceVersionDate "2022.10.05"]
[SourceQuality "1"]

1. d4 e6 2. c4 f5 3. g3 Nf6 4. Bg2 Be7 5. Nc3 0-0 6. Bg5 c6 7. e3 d5 8. cxd5 exd5 9. Nf3 Nbd7 10. 0-0 Ne4 11. Bxe7 Qxe7 12. Qd3 b5 13. Rfd1 a5 14. Qc2 Bb7 15. Rac1 Rad8 16. Ne2 Qb4 17. Nf4 Qd6 18. Nd3 Rc8 19. Qe2 Qf6 20. Nfe5 Nxe5 21. Nxe5 Qd6 22. f4 Nf6 23. Qd2 Ra8 24. Qc2 g6 25. a3 Rfc8 26. Qb3 Nd7 27. h4 Nb6 28. Rc5 Nd7 29. Rcc1 Nb6 30. Bf3 Nd7 31. Kf2 Rc7 32. g4 fxg4 33. Bxg4 Nxe5 34. dxe5 Qe7 35. Kg3 b4 36. Bf3 Rd8 37. Rd2 Qf7 38. axb4 axb4 39. Qxb4 Bc8 40. Qc5 Qd7 41. Rh1 Rb7 42. Rhh2 Rb5 43. Qc2 Rb4 44. Rd4 Rb6 45. e4 Qe6 46. exd5 cxd5 47. Qd2 Bb7 48. Rh1 Ra6 49. Qb4 Rb6 50. Qd2 Rb8 51. b4 Rd8 52. Bg4 Qe7 53. Rc1 Ra8 54. Bf3 Ra3 55. Rc3 Rxb4 56. Rxb4 Qxb4 57. Rc8+ Bxc8 58. Qxb4 Rd3 59. Kf2 Bf5 60. Qa5 Be4 61. Qd8+ Kf7 62. Qd7+ Kf8 63. Bxe4 dxe4 64. Qxh7 1-0